000 00848nam a22002897a 4500
003 CHAP
005 20220817042458.0
008 971013s1967 r 00010 d
010 _a45879
011 _a46851
035 _a50992
040 _cCHAP
082 _a378.35
_bU54 1967
110 _aUNESCO
245 _aIntercambios internacionales
_b: repertorio de la UNESCO
250 _a2 ed.
260 _aParis :
_bUNESCO,
_c1967
300 _a1102 p.
590 _aBATCH-UPD
_b10
_c20130110
_lUCH01
_h0206
590 _aBATCH-UPD
_b10
_c20130110
_lUCH01
_h2010
590 _aCONVERSION
_b10
_c20130109
_lUCH01
_h1325
650 1 4 _aIntercambio educativo.
_959522
650 1 4 _aOrganismos internacionales
_xDirectorios.
_983521
901 _aBK
942 _cLIBRO
949 _a378.35 U54 1967
_bBC
_cC
_d33724000514337
_eC
_h30669
_i50992
_sb
_t190.00
999 _c45879
_d45879